[Event "SRI-ch (Women)"]
[Site "Colombo"]
[Date "2016.06.06"]
[Round "13"]
[White "Wijesuriya, GPY"]
[Black "Udupitiya, UGSSS"]
[Result "0-1"]
[WhiteElo "1578"]
[BlackElo "1683"]
[PlyCount "152"]
[EventDate "2016.05.27"]
[EventType "tourn"]
[EventRounds "13"]
[EventCountry "SRI"]
[SourceTitle "CBM 172 Extra"]
[Source "ChessBase"]
[SourceDate "2016.06.21"]
[SourceVersion "1"]
[SourceVersionDate "2016.06.21"]
[SourceQuality "1"]

1. e4 c5 2. Nc3 Nc6 3. d3 g6 4. Be3 d6 5. Qd2 Bg7 6. g3 a6 7. Bg2 Bd7 8. Nge2 e6 9. d4 cxd4 10. Nxd4 Qc7 11. 0-0-0 Rd8 12. Nde2 Ke7 13. Na4 Qb8 14. Bb6 Rc8 15. f4 a5 16. Nac3 Nf6 17. e5 dxe5 18. Ne4 Nd4 19. Nxd4 exd4 20. Bc5+ Rxc5 21. Nxc5 b6 22. Nxd7 Nxd7 23. Kb1 Qc7 24. Qd3 Rb8 25. Qb5 Rc8 26. Rd2 Nc5 27. Rhd1 a4 28. Qb4 Kf8 29. Qb5 Kg8 30. a3 h5 31. Rf1 Qa7 32. h3 Nd7 33. Bc6 Nc5 34. g4 hxg4 35. hxg4 Qc7 36. Bg2 Rb8 37. Qc6 Qa7 38. f5 Qe7 39. fxg6 fxg6 40. Qb5 Qg5 41. Rdf2 Qxg4 42. Qc6 Qg3 43. Bd5 Qe5 44. Bf3 d3 45. c3 Rd8 46. Rd2 Nb3 47. Rdd1 Nc5 48. Qxb6 Rb8 49. Qa5 Qd6 50. Ka2 e5 51. Qa7 Rf8 52. Qa5 e4 53. Bg4 e3 54. Rxf8+ Bxf8 55. Qb5 Qd5+ 56. Kb1 Qe4 57. Rg1 e2 58. Ka1 e1Q+ 59. Rxe1 Qxe1+ 60. Ka2 Qe4 61. Bd1 d2 62. Qb6 g5 63. Qf6 Be7 64. Qf1 Kg7 65. Bh5 Qe6+ 66. c4 Bf6 67. Qf2 Qd6 68. Bd1 Nd3 69. Qa7+ Kh6 70. Qg1 Qe5 71. Qh1+ Kg7 72. Qb7+ Kg6 73. Bc2 Qd4 74. Qb5 d1Q 75. Qe8+ Kh6 76. Bxd1 Qxb2# 0-1

[Event "SRI-ch (Women)"]
[Site "Colombo"]
[Date "2016.06.05"]
[Round "12"]
[White "Udupitiya, UGSSS"]
[Black "Yapa Bandara, Chamodya"]
[Result "1-0"]
[WhiteElo "1683"]
[BlackElo "1578"]
[PlyCount "87"]
[EventDate "2016.05.27"]
[EventType "tourn"]
[EventRounds "13"]
[EventCountry "SRI"]
[SourceTitle "CBM 172 Extra"]
[Source "ChessBase"]
[SourceDate "2016.06.21"]
[SourceVersion "1"]
[SourceVersionDate "2016.06.21"]
[SourceQuality "1"]

1. c4 Nf6 2. g3 e5 3. Bg2 Nc6 4. d3 h6 5. Nf3 d5 6. cxd5 Nxd5 7. 0-0 Bc5 8. b3 Be7 9. Bb2 Bf6 10. Nbd2 g5 11. Nc4 h5 12. Nfxe5 Nxe5 13. Nxe5 h4 14. Qc1 g4 15. Qc5 Bxe5 16. Bxe5 Rh5 17. Bxd5 Qe7 18. Qxe7+ Kxe7 19. Bxc7 Rxd5 20. gxh4 Bd7 21. Rac1 f5 22. Kg2 Rh8 23. Kg3 Bc6 24. Bf4 Rd7 25. Bg5+ Ke6 26. h3 gxh3 27. Kxh3 Rg7 28. Rg1 Rh5 29. Rc4 a6 30. f4 Rd7 31. Kg3 Rd6 32. Rc3 b5 33. Rgc1 Kd7 34. Rc5 Bd5 35. Rc7+ Ke8 36. Re7+ Kd8 37. Rh7+ Rxg5+ 38. fxg5 Bg8 39. Rh8 Rg6 40. Kf4 Ke7 41. h5 Rg7 42. Rc7+ Kf8 43. Rc8+ Kf7 44. g6+ 1-0

[Event "SRI-ch (Women)"]
[Site "Colombo"]
[Date "2016.05.29"]
[Round "6"]
[White "Udupitiya, UGSSS"]
[Black "Gunaratne, Manisha Suchini"]
[Result "1/2-1/2"]
[WhiteElo "1683"]
[BlackElo "1662"]
[PlyCount "121"]
[EventDate "2016.05.27"]
[EventType "tourn"]
[EventRounds "13"]
[EventCountry "SRI"]
[SourceTitle "CBM 172 Extra"]
[Source "ChessBase"]
[SourceDate "2016.06.21"]
[SourceVersion "1"]
[SourceVersionDate "2016.06.21"]
[SourceQuality "1"]

1. e4 g6 2. d4 Bg7 3. Nc3 d6 4. Be3 Nf6 5. f3 0-0 6. Qd2 Nbd7 7. g4 c5 8. h4 a6 9. h5 b5 10. hxg6 fxg6 11. 0-0-0 Qc7 12. Bh6 Rf7 13. Bxg7 Rxg7 14. Nh3 c4 15. Nf4 Nf8 16. g5 N6d7 17. Ncd5 Qd8 18. e5 Bb7 19. Qe3 Nb6 20. Nxb6 Qxb6 21. e6 d5 22. Qe5 Rd8 23. c3 Rd6 24. Bh3 b4 25. Rd2 Qa5 26. cxb4 Qxb4 27. Rc2 Qa5 28. a3 Bc6 29. Rc3 Bb7 30. Rh2 Qb6 31. Re2 Qc6 32. Rce3 Bc8 33. Ng2 Bxe6 34. Qg3 Qb6 35. Nf4 Bxh3 36. Qxh3 Qxd4 37. Ne6 Nxe6 38. Rxe6 Qf4+ 39. Kd1 Qf5 40. Rxe7 Rxe7 41. Qxf5 gxf5 42. Rxe7 f4 43. Re5 Kg7 44. Rf5 Kg6 45. Rxf4 Kxg5 46. Rg4+ Kf5 47. Rh4 h6 48. Kd2 Ke5 49. Kc3 a5 50. b3 cxb3 51. Kxb3 d4 52. Kc2 Rf6 53. Rh5+ Rf5 54. f4+ Kxf4 55. Rxh6 Ke4 56. Ra6 Rb5 57. a4 Rc5+ 58. Kd2 Kd5 59. Kd3 Rc3+ 60. Kd2 Rc5 61. Kd3 1/2-1/2

[Event "SRI-ch (Women)"]
[Site "Colombo"]
[Date "2016.05.29"]
[Round "5"]
[White "Udupitiya, UGSSS"]
[Black "Saumy, Zainab"]
[Result "0-1"]
[WhiteElo "1683"]
[BlackElo "1748"]
[PlyCount "70"]
[EventDate "2016.05.27"]
[EventType "tourn"]
[EventRounds "13"]
[EventCountry "SRI"]
[SourceTitle "CBM 172 Extra"]
[Source "ChessBase"]
[SourceDate "2016.06.21"]
[SourceVersion "1"]
[SourceVersionDate "2016.06.21"]
[SourceQuality "1"]

1. c4 Nf6 2. g3 d5 3. Bg2 c6 4. Nf3 Nbd7 5. d4 dxc4 6. Qc2 b5 7. a4 Bb7 8. b3 Nb6 9. bxc4 Nxc4 10. Na3 Nd6 11. Ne5 Rc8 12. 0-0 e6 13. Qb3 Qb6 14. Rd1 Be7 15. Nc2 0-0 16. a5 Qc7 17. Nb4 Nd5 18. Ba3 f6 19. Ned3 Nc4 20. Nxd5 cxd5 21. Bxe7 Qxe7 22. Qxb5 Bc6 23. Qb3 Rb8 24. Qc3 Rfc8 25. Rdb1 Bb5 26. Nc5 Kh8 27. e3 Nd6 28. Qd2 Nf5 29. Rb2 e5 30. Bxd5 exd4 31. exd4 Rd8 32. Bg2 Nxd4 33. Qb4 Qe5 34. Ne4 Bd3 35. Qc3 Rxb2 0-1

[Event "SRI-ch (Women)"]
[Site "Colombo"]
[Date "2016.05.27"]
[Round "2"]
[White "Thuduwage, Yasasirini Pabasara"]
[Black "Udupitiya, UGSSS"]
[Result "1/2-1/2"]
[WhiteElo "1520"]
[BlackElo "1683"]
[PlyCount "62"]
[EventDate "2016.05.27"]
[EventType "tourn"]
[EventRounds "13"]
[EventCountry "SRI"]
[SourceTitle "CBM 172 Extra"]
[Source "ChessBase"]
[SourceDate "2016.06.21"]
[SourceVersion "1"]
[SourceVersionDate "2016.06.21"]
[SourceQuality "1"]

1. d4 Nf6 2. c4 e6 3. Nf3 b6 4. a3 Bb7 5. e3 Be7 6. b4 d6 7. Bb2 Nbd7 8. Bd3 c5 9. dxc5 dxc5 10. b5 Qc7 11. Nbd2 0-0 12. Qc2 a6 13. 0-0 axb5 14. cxb5 Bd6 15. Ne4 e5 16. Nfd2 Nxe4 17. Nxe4 Be7 18. Rfd1 h6 19. Rd2 Rfd8 20. Rad1 Nf6 21. Ng3 Bd5 22. e4 Bb7 23. Qc3 Nd7 24. Bc4 Bf6 25. Qf3 Nf8 26. Nf5 Nh7 27. Nd6 Rf8 28. Nxb7 Qxb7 29. Rd7 Qc8 30. Qh5 Qe8 31. h4 Ra4 1/2-1/2

[Event "SRI-ch (Women)"]
[Site "Colombo"]
[Date "2016.05.27"]
[Round "1"]
[White "Udupitiya, UGSSS"]
[Black "Methmani, Nelunika"]
[Result "0-1"]
[WhiteElo "1683"]
[BlackElo "1731"]
[PlyCount "154"]
[EventDate "2016.05.27"]
[EventType "tourn"]
[EventRounds "13"]
[EventCountry "SRI"]
[SourceTitle "CBM 172 Extra"]
[Source "ChessBase"]
[SourceDate "2016.06.21"]
[SourceVersion "1"]
[SourceVersionDate "2016.06.21"]
[SourceQuality "1"]

1. c4 g6 2. g3 Bg7 3. Bg2 e5 4. Nc3 Ne7 5. e4 0-0 6. Nge2 Nbc6 7. d3 d6 8. 0-0 Be6 9. Nd5 Qd7 10. Bd2 a5 11. Kh1 f5 12. Qc2 Ra6 13. a3 a4 14. Bg5 fxe4 15. dxe4 h6 16. Bd2 Na5 17. Bxa5 Rxa5 18. Nec3 Nc8 19. b4 axb3 20. Qxb3 c6 21. Ne3 Ra7 22. Qb4 Rf7 23. Rad1 Bf8 24. Qb2 Qc7 25. Rb1 Ra6 26. a4 Nb6 27. Qb3 Nxc4 28. Nxc4 b5 29. axb5 cxb5 30. Nd5 Bxd5 31. exd5 bxc4 32. Qc2 Kg7 33. Kg1 Ra5 34. Rb4 Rc5 35. Rc1 c3 36. Rb3 Qa7 37. Be4 Rf6 38. Qe2 Be7 39. Kg2 Qa5 40. Qd3 Qa2 41. Qc2 Qa7 42. Qe2 Qa5 43. Qe3 Rxd5 44. Rbxc3 Rd4 45. Rc7 Rf7 46. Qe2 Rd2 47. Qe3 Qa2 48. Bf3 e4 49. Qxe4 Rxf2+ 50. Kg1 R2xf3 51. Rxe7 Qf2+ 52. Kh1 Qd2 53. Rxf7+ Rxf7 54. Re1 d5 55. Qe5+ Kh7 56. Re2 Qd1+ 57. Re1 Qf3+ 58. Kg1 Qf2+ 59. Kh1 d4 60. Qe2 d3 61. Qxf2 Rxf2 62. Rd1 d2 63. Kg1 Re2 64. Kf1 Rxh2 65. Kg1 Re2 66. Kf1 Re3 67. Kf2 Rd3 68. g4 Rd4 69. Kf3 Kg7 70. Ke3 Rxg4 71. Rxd2 Kf6 72. Kf3 h5 73. Ra2 Kg5 74. Rh2 h4 75. Rh3 Kh5 76. Rh1 Rg3+ 77. Kf4 g5+ 0-1

[Event "Asia Cup (Women)"]
[Site "Abu Dhabi"]
[Date "2016.03.28"]
[Round "1.2"]
[White "Hoang, Thi Bao Tram"]
[Black "Udupitiya, UGSSS"]
[Result "1-0"]
[WhiteElo "2283"]
[BlackElo "1709"]
[PlyCount "133"]
[EventDate "2016.03.28"]
[EventType "team-swiss"]
[EventRounds "9"]
[EventCountry "UAE"]
[SourceTitle "CBM 171 Extra"]
[Source "ChessBase"]
[SourceDate "2016.04.26"]
[SourceVersion "1"]
[SourceVersionDate "2016.04.26"]
[SourceQuality "1"]
[WhiteTeam "Vietnam (W)"]
[BlackTeam "Sri Lanka (W)"]
[WhiteTeamCountry "VIE"]
[BlackTeamCountry "SRI"]

1. d4 Nf6 2. Nf3 e6 3. e3 b6 4. Bd3 d5 5. 0-0 Be7 6. c4 0-0 7. cxd5 Nxd5 8. e4 Nf6 9. Qc2 h6 10. Nc3 Bb7 11. Bf4 Na6 12. Qe2 Nb4 13. Bc4 c5 14. dxc5 Bxc5 15. a3 Nc6 16. Rfd1 Qc8 17. b4 Be7 18. Rac1 Rd8 19. e5 Rxd1+ 20. Rxd1 Ne8 21. Nb5 a5 22. Nd6 Qc7 23. Nxb7 Qxb7 24. Bd3 Rc8 25. Ba6 Qb8 26. Bxc8 Qxc8 27. b5 Nb8 28. Rc1 Bc5 29. Be3 Nd7 30. Qd3 Nc7 31. Bxc5 Nxc5 32. Qd6 Nd5 33. Rc4 Qe8 34. Nd4 Qe7 35. Qxe7 Nxe7 36. Nc6 Nd5 37. Nxa5 Nd3 38. Nc6 Kf8 39. Ra4 g5 40. Ra7 Kg7 41. a4 Nc3 42. a5 bxa5 43. b6 Nc5 44. Rxa5 Nb7 45. Ra7 Nc5 46. Nd8 Nd5 47. Rxf7+ Kg6 48. b7 Nxb7 49. Rxb7 Kf5 50. Rh7 Kg6 51. Rd7 Kf5 52. Nc6 Kg6 53. g4 h5 54. h3 hxg4 55. hxg4 Nf4 56. Nd4 Nh3+ 57. Kg2 Nf4+ 58. Kf3 Kh6 59. Nxe6 Nxe6 60. Rd6 Kg7 61. Rxe6 Kf7 62. Ra6 Ke7 63. Ke4 Kf7 64. Kf5 Ke7 65. Ra7+ Kf8 66. Ke6 Ke8 67. Rb7 1-0

[Event "SRI-ch (Women)"]
[Site "Malabe"]
[Date "2015.07.12"]
[Round "12"]
[White "Mendis, Dasuni Hansika"]
[Black "Udupitiya, UGSSS"]
[Result "1-0"]
[WhiteElo "1697"]
[BlackElo "1647"]
[PlyCount "115"]
[EventDate "2015.07.04"]
[EventType "tourn"]
[EventRounds "13"]
[EventCountry "SRI"]
[SourceTitle "CBM 167 Extra"]
[Source "ChessBase"]
[SourceDate "2015.09.14"]
[SourceVersion "1"]
[SourceVersionDate "2015.09.14"]
[SourceQuality "1"]

1. e4 c5 2. Nc3 d6 3. f4 Nc6 4. Nf3 g6 5. Bb5 Bd7 6. 0-0 Bg7 7. Bc4 e6 8. d3 Nge7 9. Qe1 0-0 10. f5 exf5 11. Qh4 h5 12. Bg5 Be6 13. Nd5 Re8 14. exf5 Bxd5 15. Bxd5 Qd7 16. Bxf7+ Kxf7 17. fxg6+ Kxg6 18. Qe4+ Nf5 19. Nh4+ Kf7 20. Qxf5+ Qxf5 21. Nxf5 Be5 22. c3 Rf8 23. Ne3+ Kg6 24. h4 b5 25. Nd5 b4 26. Nf4+ Bxf4 27. Bxf4 Rad8 28. Bg5 Rxf1+ 29. Rxf1 Rd7 30. Rf6+ Kg7 31. Rh6 Ne5 32. d4 Nd3 33. dxc5 dxc5 34. cxb4 Nxb4 35. Rxh5 Nxa2 36. Be3 Nb4 37. Rxc5 a6 38. h5 Nd3 39. Rg5+ Kh7 40. b3 Nb4 41. h6 Nc6 42. Rc5 Ne7 43. g4 Nd5 44. Bc1 Nf6 45. g5 Ne4 46. Rc6 Nd2 47. Rxa6 Nf3+ 48. Kf2 Ne5 49. Ke2 Rb7 50. Rc6 Ng6 51. Rc3 Nf4+ 52. Kf3 Nd5 53. Rd3 Ne7 54. Kg2 Ng6 55. Bd2 Ne5 56. Rd5 Re7 57. b4 Nd7 58. Rd6 1-0

[Event "SRI-chB (Women)"]
[Site "Malabe"]
[Date "2015.06.27"]
[Round "7"]
[White "Saumy, Zainab"]
[Black "Udupitiya, UGSSS"]
[Result "1-0"]
[WhiteElo "1510"]
[BlackElo "1701"]
[PlyCount "65"]
[EventDate "2015.05.19"]
[EventType "swiss"]
[EventRounds "10"]
[EventCountry "SRI"]
[SourceTitle "EXT 2016"]
[Source "ChessBase"]
[SourceDate "2015.10.08"]
[SourceVersion "1"]
[SourceVersionDate "2015.10.08"]
[SourceQuality "1"]

1. e4 c5 2. Nf3 d6 3. d4 cxd4 4. Nxd4 Nf6 5. Nc3 a6 6. Rg1 b5 7. g4 Bb7 8. g5 Nxe4 9. Nxe4 Bxe4 10. Qg4 Bb7 11. Bg2 Bxg2 12. Qxg2 Nd7 13. g6 Rc8 14. gxf7+ Kxf7 15. Qd5+ Ke8 16. Qh5+ g6 17. Rxg6 Nf6 18. Rxf6+ Kd7 19. Qf5+ Ke8 20. Ne6 Qa5+ 21. Bd2 Qxd2+ 22. Kxd2 exf6 23. Nxf8 Rc5 24. Qxf6 Rxf8 25. Re1+ Re5 26. Rxe5+ dxe5 27. Qxe5+ Kd7 28. Qg7+ Ke8 29. Qxh7 Rxf2+ 30. Ke3 Rf7 31. Qg8+ Ke7 32. h4 Rf6 33. h5 1-0

[Event "SRI-chB (Women)"]
[Site "Malabe"]
[Date "2015.06.20"]
[Round "3"]
[White "Yapa Bandara, Chamodya"]
[Black "Udupitiya, UGSSS"]
[Result "0-1"]
[WhiteElo "1460"]
[BlackElo "1701"]
[PlyCount "86"]
[EventDate "2015.05.19"]
[EventType "swiss"]
[EventRounds "10"]
[EventCountry "SRI"]
[SourceTitle "EXT 2016"]
[Source "ChessBase"]
[SourceDate "2015.10.08"]
[SourceVersion "1"]
[SourceVersionDate "2015.10.08"]
[SourceQuality "1"]

1. e4 c5 2. Nf3 d6 3. d4 cxd4 4. Nxd4 a6 5. Nc3 Nf6 6. Bg5 e6 7. f4 Be7 8. Qf3 Qc7 9. 0-0-0 Nbd7 10. g4 b5 11. Bg2 Bb7 12. Bxf6 Nxf6 13. g5 Nd7 14. a3 Nb6 15. h4 0-0-0 16. h5 g6 17. Rd3 Kb8 18. Nd1 d5 19. Nf2 dxe4 20. Nxe4 Nd5 21. Ne2 Rc8 22. Rd2 b4 23. hxg6 hxg6 24. axb4 Bxb4 25. N2c3 Rxh1+ 26. Bxh1 Qa5 27. Kb1 Nxc3+ 28. bxc3 Bxc3 29. Qxc3 Rxc3 30. Nxc3 Bxh1 31. Rd3 Qb4+ 32. Ka1 Qxf4 33. Na2 Bd5 34. Nc3 Qc1+ 35. Nb1 Qxc2 36. Ra3 e5 37. Rxa6 Qc4 38. Ra3 e4 39. Nc3 e3 40. Nxd5 Qxd5 41. Ra2 Qd1+ 42. Kb2 e2 43. Ka3 e1Q 0-1

[Event "Asia-chT (Women) 6th Tata Steel"]
[Site "Kolkata"]
[Date "2009.12.27"]
[Round "6"]
[White "Udupitiya, UGSSS"]
[Black "Bhakti, Kulkarni"]
[Result "0-1"]
[WhiteElo "1760"]
[BlackElo "2263"]
[PlyCount "62"]
[EventDate "2009.12.22"]
[EventType "team-swiss"]
[EventRounds "7"]
[EventCountry "IND"]
[SourceTitle "EXT 2020"]
[Source "ChessBase"]
[SourceDate "2019.10.17"]
[SourceVersion "1"]
[SourceVersionDate "2019.10.17"]
[SourceQuality "1"]
[WhiteTeam "Sri Lanka (W)"]
[BlackTeam "India (W) II"]
[WhiteTeamCountry "SRI"]
[BlackTeamCountry "IND"]

1. e4 c6 2. d4 d5 3. f3 e6 4. Qd2 dxe4 5. Nc3 exf3 6. Nxf3 Nf6 7. a3 Bd6 8. Bd3 Nbd7 9. Qg5 Rg8 10. Bd2 h6 11. Qe3 Nb6 12. g3 Nbd5 13. Qe2 Nxc3 14. Bxc3 Qc7 15. 0-0-0 b6 16. Rhf1 Bb7 17. Bd2 0-0-0 18. Ne5 c5 19. Nc4 cxd4 20. Bxh6 Nd5 21. Nxd6+ Qxd6 22. Bf4 Nxf4 23. Rxf4 f5 24. Ba6 Bxa6 25. Qxa6+ Kb8 26. Qc4 e5 27. Rxf5 e4 28. Rf4 Rge8 29. c3 d3 30. Rxe4 d2+ 31. Kc2 Qg6 0-1